Graph theory in memory of G.A. Dirac

Saved in:
書目詳細資料
Main Authors: Andersen, Lars Dovling (Author), Jacobsen, Ivan T (Author), Thomassen, Carsten (Author), Toft, Bjarne (Author), Vestergaard, Preben Dahl (Author)
格式: 圖書
語言:英语
出版: Amsterdam North-Holland 1989
叢編:Annals of discrete mathematics, 41
主題:
標簽: 添加標簽
沒有標簽, 成為第一個標記此記錄!

MARC

LEADER 00000nam a2200000 a 4500
001 UCW1516
003 CL-VaPUC
008 920721e19890000NE |||||||||||||||||eng|d
082 0 4 |a 511.5  |b AND  |2 21 
100 0 |a Andersen, Lars Dovling  |e author  |9 305524 
700 0 |a Jacobsen, Ivan T  |e author  |9 305525 
700 0 |a Thomassen, Carsten  |e author  |9 305526 
700 0 |a Toft, Bjarne  |e author  |9 305527 
700 0 |a Vestergaard, Preben Dahl  |e author  |9 305528 
245 1 0 |a Graph theory in memory of G.A. Dirac 
300 |a 517 p 
942 |c BK 
945 |d 19920721 00:00:00 
260 |a Amsterdam  |b North-Holland  |c 1989 
600 0 7 |a DIRAC, GABRIEL ANDREW  |2 CL-VaPUC  |9 271111 
650 0 |a Teoría de grafos  |9 269886 
583 |a last modification  |c 19920721 00:00:00  |k Rodrigo Vera 
490 0 |a Annals of discrete mathematics, 41 
999 |c 216400  |d 216398 
952 |0 0  |1 0  |4 0  |6 511_500000000000000_AND_1989  |7 0  |8 A  |9 202106  |a BIBMAT  |b BIBMAT  |d 2019-11-14  |i 2692287  |o 511.5 AND 1989  |p 2692287  |r 2025-01-07  |w 2019-11-14  |y BK  |k MAT